Communication systems engineering (Record no. 66489)

000 -LEADER
fixed length control field 00739nam a22002297a 4500
003 - CONTROL NUMBER IDENTIFIER
control field NUST - PNEC
005 - DATE AND TIME OF LATEST TRANSACTION
control field 20170116180953.0
008 - FIXED-LENGTH DATA ELEMENTS--GENERAL INFORMATION
fixed length control field 150909b xxu||||| |||| 00| 0 eng d
020 ## - INTERNATIONAL STANDARD BOOK NUMBER
International Standard Book Number 0133006255
020 ## - INTERNATIONAL STANDARD BOOK NUMBER
International Standard Book Number 9788120327504
020 ## - INTERNATIONAL STANDARD BOOK NUMBER
International Standard Book Number 9789332555136
040 ## - CATALOGING SOURCE
Transcribing agency LIBRARY
082 ## - DEWEY DECIMAL CLASSIFICATION NUMBER
Classification number 621.382 PRO
100 ## - MAIN ENTRY--PERSONAL NAME
9 (RLIN) 4
Personal name Proakis John G
245 ## - TITLE STATEMENT
Title Communication systems engineering
Statement of responsibility, etc. John G Proakis
250 ## - EDITION STATEMENT
Edition statement 2nd ed.
260 ## - PUBLICATION, DISTRIBUTION, ETC.
Place of publication, distribution, etc. New Delhi
Name of publisher, distributor, etc. Pearson Education
Date of publication, distribution, etc. c.2002
300 ## - PHYSICAL DESCRIPTION
Extent 801 pages
650 ## - SUBJECT ADDED ENTRY--TOPICAL TERM
9 (RLIN) 3138
Topical term or geographic name entry element Telecommunication
General subdivision EE / EL
856 ## - ELECTRONIC LOCATION AND ACCESS
Uniform Resource Identifier <a href="http://www.amazon.com/Communication-Systems-Engineering-Proakis-Masoud/dp/8120327500/ref=sr_1_1?ie=UTF8&qid=1455002946&sr=8-1&keywords=9788120327504">http://www.amazon.com/Communication-Systems-Engineering-Proakis-Masoud/dp/8120327500/ref=sr_1_1?ie=UTF8&qid=1455002946&sr=8-1&keywords=9788120327504</a>
942 ## - ADDED ENTRY ELEMENTS (KOHA)
Source of classification or shelving scheme
Koha item type Book
Holdings
Withdrawn status Lost status Source of classification or shelving scheme Damaged status Not for loan Permanent Location Current Location Shelving location Date acquired Total Checkouts Full call number Barcode Date last seen Date last checked out Price effective from Koha item type Materials specified (bound volume or other part) Source of acquisition Cost, normal purchase price Cost, replacement price
          Pakistan Navy Engineering College (PNEC) Pakistan Navy Engineering College (PNEC)     1 621.38 PRO PNECLIB-022087 08/23/2016 08/23/2016   Book        
          Pakistan Navy Engineering College (PNEC) Pakistan Navy Engineering College (PNEC)       621.38 PRO PNECLIB-026074 09/16/2015     Book        
          Pakistan Navy Engineering College (PNEC) Pakistan Navy Engineering College (PNEC)       621.382 PRO PNECLIB-032139 11/11/2015     Book        
          Pakistan Navy Engineering College (PNEC) Pakistan Navy Engineering College (PNEC)   12/07/2015 2 621.38 PRO PNECLIB-032479 09/19/2016 09/19/2016 12/07/2015 Book paperback ZS Book Agency / Lib Grant 763.08 763.08
          Pakistan Navy Engineering College (PNEC) Pakistan Navy Engineering College (PNEC)   12/07/2015 1 621.38 PRO PNECLIB-032478 08/24/2016 08/24/2016 12/07/2015 Book paperback ZS Book Agency / Lib 763.08 763.08
          Pakistan Navy Engineering College (PNEC) Pakistan Navy Engineering College (PNEC)   12/07/2015 2 621.382 PRO PNECLIB-032477 12/01/2016 12/01/2016 12/07/2015 Book paperback ZS Book Agency / Lib Grant 763.08 763.08
© 2023 Central Library, National University of Sciences and Technology. All Rights Reserved.